<?xml version="1.0" encoding="UTF-8"?>
<record
    xmlns:xsi="http://www.w3.org/2001/XMLSchema-instance"
    xsi:schemaLocation="http://www.loc.gov/MARC21/slim http://www.loc.gov/standards/marcxml/schema/MARC21slim.xsd"
    xmlns="http://www.loc.gov/MARC21/slim">

  <leader>02010nam a22003855i 4500</leader>
  <controlfield tag="001">10635</controlfield>
  <controlfield tag="003">ES-MaACL</controlfield>
  <controlfield tag="005">20250731063017.0</controlfield>
  <controlfield tag="007">t|</controlfield>
  <controlfield tag="008">941117s1994    sp           ||||0| spa j</controlfield>
  <datafield tag="017" ind1=" " ind2=" ">
    <subfield code="a">M 32115-1994</subfield>
    <subfield code="b">Oficina Dep&#xF3;sito Legal Madrid</subfield>
  </datafield>
  <datafield tag="020" ind1=" " ind2=" ">
    <subfield code="a">84-7100-644-8</subfield>
  </datafield>
  <datafield tag="040" ind1=" " ind2=" ">
    <subfield code="a">M-BN </subfield>
    <subfield code="b">spa </subfield>
    <subfield code="c">M-BN</subfield>
  </datafield>
  <datafield tag="080" ind1=" " ind2=" ">
    <subfield code="a">98(=60)"1492/1600"(093)</subfield>
  </datafield>
  <datafield tag="245" ind1="0" ind2="0">
    <subfield code="a">Colecci&#xF3;n documental del descubrimiento :</subfield>
    <subfield code="b">(1470-1506) / </subfield>
    <subfield code="c">Juan P&#xE9;rez de Tudela (director de la edici&#xF3;n) ; Carlos Seco Serrano, Ram&#xF3;n Ezquerra Abad&#xED;a, Emilio L&#xF3;pez Oto</subfield>
  </datafield>
  <datafield tag="260" ind1=" " ind2=" ">
    <subfield code="a">[Madrid] : </subfield>
    <subfield code="b">Real Academia de la Historia :</subfield>
    <subfield code="b">Consejo Superior de Investigaciones Cient&#xED;ficas :</subfield>
    <subfield code="b">Fundaci&#xF3;n MAPFRE Am&#xE9;rica, </subfield>
    <subfield code="c">1994</subfield>
  </datafield>
  <datafield tag="300" ind1=" " ind2=" ">
    <subfield code="a">3 vol&#xFA;menes (2225 p&#xE1;ginas) ; </subfield>
    <subfield code="c">26 cm</subfield>
  </datafield>
  <datafield tag="500" ind1=" " ind2=" ">
    <subfield code="a">&#xCD;ndices</subfield>
  </datafield>
  <datafield tag="504" ind1=" " ind2=" ">
    <subfield code="a">Bibliograf&#xED;a: v. 3, p&#xE1;ginas [2127]-2147</subfield>
  </datafield>
  <datafield tag="505" ind1="8" ind2=" ">
    <subfield code="a">Vol. 1. 22 de septiembre de 1470-12 de junio de 1494 (CCXLIV, 626 p.) - v. 2. 21 de junio de 1494-12 de diciembre de 1501 ([4], p. 627-1362) - v. 3. 12 de diciembre de 1501-4 de junio de 1506 - Addenda ([4], p. 1363-2225, [2] p.)</subfield>
  </datafield>
  <datafield tag="530" ind1=" " ind2=" ">
    <subfield code="a">Disponible en formato digital </subfield>
  </datafield>
  <datafield tag="651" ind1=" " ind2="4">
    <subfield code="a">Am&#xE9;rica espa&#xF1;ola-</subfield>
    <subfield code="x">Historia-</subfield>
    <subfield code="y">1492-1600 (Descubrimiento y conquista)-</subfield>
    <subfield code="v">Fuentes</subfield>
    <subfield code="9">7725</subfield>
  </datafield>
  <datafield tag="700" ind1="1" ind2=" ">
    <subfield code="a">P&#xE9;rez de Tudela y Bueso, Juan,</subfield>
    <subfield code="d">1922-2004</subfield>
    <subfield code="e">pbd</subfield>
    <subfield code="9">90810</subfield>
  </datafield>
  <datafield tag="700" ind1="1" ind2=" ">
    <subfield code="a">Seco Serrano, Carlos,</subfield>
    <subfield code="d">1923-2020</subfield>
    <subfield code="e">aut</subfield>
    <subfield code="9">105054</subfield>
  </datafield>
  <datafield tag="700" ind1="1" ind2=" ">
    <subfield code="a">Ezquerra Abad&#xED;a, Ram&#xF3;n,</subfield>
    <subfield code="d">1904-1994</subfield>
    <subfield code="e">aut</subfield>
    <subfield code="9">48475</subfield>
  </datafield>
  <datafield tag="700" ind1="1" ind2=" ">
    <subfield code="a">L&#xF3;pez Oto, Emilio,</subfield>
    <subfield code="d">1920-</subfield>
    <subfield code="e">aut</subfield>
    <subfield code="9">241456</subfield>
  </datafield>
  <datafield tag="710" ind1="2" ind2=" ">
    <subfield code="a">Real Academia de la Historia (Espa&#xF1;a)</subfield>
    <subfield code="e">edt</subfield>
    <subfield code="9">6309</subfield>
  </datafield>
  <datafield tag="710" ind1="2" ind2=" ">
    <subfield code="a">Consejo Superior de Investigaciones Cient&#xED;ficas (Espa&#xF1;a)</subfield>
    <subfield code="e">edt</subfield>
    <subfield code="9">3236</subfield>
  </datafield>
  <datafield tag="710" ind1="2" ind2=" ">
    <subfield code="a">Fundaci&#xF3;n MAPFRE Am&#xE9;rica</subfield>
    <subfield code="e">edt</subfield>
    <subfield code="9">4363</subfield>
  </datafield>
  <datafield tag="852" ind1=" " ind2=" ">
    <subfield code="a">ES-MaACL</subfield>
    <subfield code="b">R.124199</subfield>
    <subfield code="j">L-18032-34 </subfield>
    <subfield code="c">DEPO2</subfield>
  </datafield>
  <datafield tag="856" ind1=" " ind2=" ">
    <subfield code="u">https://bibliotecadigital.rah.es/es/consulta/registro.do?id=62209</subfield>
    <subfield code="y">Versi&#xF3;n en l&#xED;nea</subfield>
    <subfield code="z">(Biblioteca Digital Real Academia de la Historia)</subfield>
  </datafield>
  <datafield tag="942" ind1=" " ind2=" ">
    <subfield code="2">udc</subfield>
    <subfield code="c">MONOGRAFIA</subfield>
    <subfield code="n">0</subfield>
  </datafield>
  <datafield tag="999" ind1=" " ind2=" ">
    <subfield code="c">10635</subfield>
    <subfield code="d">10635</subfield>
  </datafield>
  <datafield tag="952" ind1=" " ind2=" ">
    <subfield code="0">0</subfield>
    <subfield code="1">0</subfield>
    <subfield code="2">udc</subfield>
    <subfield code="4">0</subfield>
    <subfield code="7">0</subfield>
    <subfield code="a">ATENEOM</subfield>
    <subfield code="b">ATENEOM</subfield>
    <subfield code="c">DEPO2</subfield>
    <subfield code="d">2008-01-17</subfield>
    <subfield code="l">0</subfield>
    <subfield code="o">L-18032-34</subfield>
    <subfield code="p">1010847</subfield>
    <subfield code="r">2023-02-23 00:00:00</subfield>
    <subfield code="y">MONOGRAFIA</subfield>
  </datafield>
</record>
